Ironía y tragedia en Calderón
محفوظ في:
| المؤلف الرئيسي: | |
|---|---|
| التنسيق: | كتاب |
| اللغة: | Undetermined |
| منشور في: |
Estados Unidos
Scripta Humanistica
1986
|
| الموضوعات: | |
| الوسوم: |
إضافة وسم
لا توجد وسوم, كن أول من يضع وسما على هذه التسجيلة!
|
MARC
| LEADER | 00000nam a2200000Ia 4500 | ||
|---|---|---|---|
| 008 | 170316s9999 xx 000 0 und d | ||
| 040 | |a cru BVZT | ||
| 090 | |a C-862 H-1i | ||
| 100 | |a Hernández Araice, Susana | ||
| 245 | |a Ironía y tragedia en Calderón | ||
| 260 | |a Estados Unidos | ||
| 260 | |b Scripta Humanistica | ||
| 260 | |c 1986 | ||
| 300 | |a 153 páginas | ||
| 650 | |a LITERATURA ESPAÑOLA | ||
| 650 | |a CRÍTICA | ||
| 999 | |c 13143 |d 13143 | ||
| 942 | |c 15 D |h C-862 H-1i |2 z | ||
